000 00436nmm a2200157Ia 4500
008 251105s9999||||xx |||||||||||||||||und||
020 _a9788425230554
041 _aspa
100 _aHumbert, Jean
245 0 _aMitología griega y romana
264 _a[Madrid, España] :
_bEditorial Gustavo Gili,
_c2017
300 _a312 páginas
650 _aMythology
856 _uhttps://public.digitaliapublishing.com/a/49675
942 _cCF
999 _c80349
_d80349